000 00293nam a2200121Ia 4500
008 230312s9999||||xx |||||||||||||| ||und||
082 _a005.133
_bPRO-C
245 0 _aComputer Programming C++
300 _a420
546 _aEng.
650 _aComputer
_vControl Structures,Functions
942 _cBK
999 _c3167
_d3167